De anima et vita (Record no. 13899)
[ view plain ]
| 000 -LEADER | |
|---|---|
| campo de control de longitud fija | 01287nam a2200313 i 4500 |
| 001 - NÚMERO DE CONTROL | |
| campo de control | 13899 |
| 003 - IDENTIFICADOR DE NÚMERO DE CONTROL | |
| campo de control | ES-MaACL |
| 005 - FECHA Y HORA DE LA ÚLTIMA TRANSACCIÓN | |
| campo de control | 20250901041010.0 |
| 007 - CAMPO FIJO DE DESCRIPCIÓN FÍSICA--INFORMACIÓN GENERAL | |
| campo de control de longitud fija | t| |
| 008 - DATOS DE LONGITUD FIJA--INFORMACIÓN GENERAL | |
| campo de control de longitud fija | 980805s1992 sp |||| | spa d |
| 020 ## - NÚMERO INTERNACIONAL ESTÁNDAR DEL LIBRO | |
| Número Internacional Estándar del Libro | 84-86908-81-7 |
| 080 ## - NÚMERO DE LA CLASIFICACIÓN DECIMAL UNIVERSAL | |
| Número de la Clasificación Decimal Universal | 128 |
| 080 ## - NÚMERO DE LA CLASIFICACIÓN DECIMAL UNIVERSAL | |
| Número de la Clasificación Decimal Universal | 159.942 |
| 100 1# - ENTRADA PRINCIPAL--NOMBRE DE PERSONA | |
| Nombre de persona | Vives, Juan Luis, |
| Fechas asociadas al nombre | 1492-1540 |
| 9 (RLIN) | 115574 |
| 245 10 - MENCIÓN DEL TÍTULO | |
| Título | De anima et vita |
| Resto del título | = El alma y la vida / |
| Mención de responsabilidad, etc. | Juan Luis Vives ; [introducción, traducción y notas, Ismael Roca]. |
| 260 ## - PUBLICACIÓN, DISTRIBUCIÓN, ETC. | |
| Lugar de publicación, distribución, etc. | Valencia : |
| Nombre del editor, distribuidor, etc. | Ajuntament de Valencia, |
| Fecha de publicación, distribución, etc. | 1992. |
| 300 ## - DESCRIPCIÓN FÍSICA | |
| Extensión | 382, [9] p. ; |
| Dimensiones | 23 cm. |
| 490 1# - MENCIÓN DE SERIE | |
| Mención de serie | Colección J.L. Vives ; |
| Designación de volumen o secuencia | 1A |
| 500 ## - NOTA GENERAL | |
| Nota general | Acompaña a: Juan Luis Vives y las emociones / Carlos G. Noreña. Valencia : Ajuntament, 1992 (Colección J.L. Vives; 1B). Signatura en Biblioteca del Ateneo: L-21306. |
| 500 ## - NOTA GENERAL | |
| Nota general | Acompaña a: Ioannis Lodovici Vivis Valentini, De anima et vita / Juan Luis Vives. Valencia : Ajuntament, 1992. Signatura en Biblioteca del Ateneo: L-21310. |
| 650 14 - PUNTO DE ACCESO ADICIONAL DE MATERIA--TÉRMINO DE MATERIA | |
| Término de materia o nombre geográfico como elemento de entrada | Alma. |
| 9 (RLIN) | 9739 |
| 650 #7 - PUNTO DE ACCESO ADICIONAL DE MATERIA--TÉRMINO DE MATERIA | |
| Término de materia o nombre geográfico como elemento de entrada | Emociones y sentimientos |
| Fuente del encabezamiento o término | embne |
| 9 (RLIN) | 12196 |
| 700 1# - ENTRADA AGREGADA--NOMBRE PERSONAL | |
| Nombre de persona | Roca Meliá, Ismael. |
| 9 (RLIN) | 98003 |
| 710 1# - ENTRADA AGREGADA--NOMBRE DE ENTIDAD CORPORATIVA | |
| Nombre de entidad corporativa o nombre de jurisdicción como elemento de entrada | Valencia. |
| Unidad subordinada | Ayuntamiento. |
| 9 (RLIN) | 7531 |
| 740 32 - ENTRADA AGREGADA--TÍTULO RELACIONADO/ANALÍTICO NO CONTROLADO | |
| Título relacionado o analítico no controlado | El alma y la vida. |
| 830 0# - PUNTO DE ACCESO ADICIONAL DE SERIE-TÍTULO UNIFORME | |
| Título uniforme | Colección J.L. Vives ; |
| Designación de volumen o secuencia | 1A |
| 9 (RLIN) | 179554 |
| 852 ## - LOCALIZACIÓN | |
| Ubicación | ES-MaACL |
| Número de control de estantería | L-21305 |
| Estatus retirado | Estado de pérdida | Estado de daño | No para préstamo | Biblioteca de origen | Biblioteca actual | Ubicación en estantería | Fecha de adquisición | Fuente de adquisición | Total de préstamos | Signatura topográfica completa | Código de barras | Visto por última vez | Precio de reemplazo | Tipo de ítem Koha |
|---|---|---|---|---|---|---|---|---|---|---|---|---|---|---|
| Biblioteca del Ateneo de Madrid | Biblioteca del Ateneo de Madrid | Depósito 2 | 17/01/2008 | L-21305 | 1014143 | 23/02/2023 | 23/02/2023 | Libro impreso |
